<?xml version="1.0" encoding="UTF-8"?>
<record
    xmlns:xsi="http://www.w3.org/2001/XMLSchema-instance"
    xsi:schemaLocation="http://www.loc.gov/MARC21/slim http://www.loc.gov/standards/marcxml/schema/MARC21slim.xsd"
    xmlns="http://www.loc.gov/MARC21/slim">

  <leader>01620naa a2200265 i 4500</leader>
  <controlfield tag="001">6695</controlfield>
  <controlfield tag="003">KOSZ 005</controlfield>
  <controlfield tag="005">20180425103820.0</controlfield>
  <controlfield tag="008">140709s2012    pl     f     |100 0     d</controlfield>
  <datafield tag="040" ind1=" " ind2=" ">
    <subfield code="c">BPK</subfield>
    <subfield code="d">KOSZ 005/ac</subfield>
  </datafield>
  <datafield tag="080" ind1=" " ind2=" ">
    <subfield code="a">635.8</subfield>
  </datafield>
  <datafield tag="080" ind1=" " ind2=" ">
    <subfield code="a">621.798</subfield>
  </datafield>
  <datafield tag="100" ind1="1" ind2=" ">
    <subfield code="a">RYDZKOWSKI, Tomasz.</subfield>
    <subfield code="d">1996 -</subfield>
    <subfield code="b">Politechnika Koszali&#x144;ska - Wydzia&#x142; Mechaniczny,</subfield>
    <subfield code="c">Katedra Proces&#xF3;w i Urz&#x105;dze&#x144; Przemys&#x142;u Spo&#x17C;ywczego</subfield>
  </datafield>
  <datafield tag="245" ind1="1" ind2="0">
    <subfield code="a">Problem of packaging of fresh mushrooms /</subfield>
    <subfield code="c">Julia Wierzbowiecka, Marta Ziatyk, Tomasz Rydzkowski.</subfield>
  </datafield>
  <datafield tag="246" ind1="3" ind2="1">
    <subfield code="a">Problematyka pakowania &#x15B;wie&#x17C;ych pieczarek</subfield>
  </datafield>
  <datafield tag="500" ind1=" " ind2=" ">
    <subfield code="a">Dane z autopsji.</subfield>
  </datafield>
  <datafield tag="520" ind1=" " ind2=" ">
    <subfield code="a">W pracy zbadano wp&#x142;yw trzech r&#xF3;&#x17C;nych mieszanin gazowych oraz rodzaj folii na zmiany i jako&#x15B;&#x107; &#x15B;wie&#x17C;ych pieczarek przechowywanych w modyfikowanej atmosferze. Analiza bada&#x144; obejmuje ocen&#x119; sensoryczn&#x105; oraz fizyko-chemiczn&#x105;.</subfield>
  </datafield>
  <datafield tag="650" ind1=" " ind2="0">
    <subfield code="a">Pieczarka.</subfield>
  </datafield>
  <datafield tag="650" ind1=" " ind2="0">
    <subfield code="a">Opakowania.</subfield>
  </datafield>
  <datafield tag="655" ind1=" " ind2="0">
    <subfield code="a">Materia&#x142;y konferencyjne.</subfield>
  </datafield>
  <datafield tag="711" ind1="2" ind2="2">
    <subfield code="a">Og&#xF3;lnopolska Konferencja Studenckich K&#xF3;&#x142; Naukowych Uczelni Technicznych</subfield>
    <subfield code="n">(5 ;</subfield>
    <subfield code="d">2012 ;</subfield>
    <subfield code="c">Koszalin, Polska).</subfield>
  </datafield>
  <datafield tag="711" ind1="2" ind2="2">
    <subfield code="a">Konferencja Student&#xF3;w i M&#x142;odych Pracownik&#xF3;w Nauki Wydzia&#x142;u Mechanicznego</subfield>
    <subfield code="n">(9 ;</subfield>
    <subfield code="d">2012 ;</subfield>
    <subfield code="c">Koszalin, Polska).</subfield>
  </datafield>
  <datafield tag="773" ind1="0" ind2=" ">
    <subfield code="i">W :</subfield>
    <subfield code="t">Materia&#x142;y IX Konferencji Student&#xF3;w i M&#x142;odych Pracownik&#xF3;w Nauki Wydzia&#x142;u Mechanicznego oraz V Og&#xF3;lnopolskiej Konferencji Studenckich K&#xF3;&#x142; Naukowych Uczelni Technicznych : XXXIV Tydzie&#x144; Kultury Studenckiej / pod red. Marka Fligla, Leona Kukie&#x142;ki. -</subfield>
    <subfield code="d">Koszalin : Wydaw. Uczelniane Politechniki Koszali&#x144;skiej, 2012. -</subfield>
    <subfield code="g">s. 231-239</subfield>
  </datafield>
  <datafield tag="942" ind1=" " ind2=" ">
    <subfield code="c">ROZ</subfield>
    <subfield code="2">UKD</subfield>
  </datafield>
  <datafield tag="999" ind1=" " ind2=" ">
    <subfield code="c">6695</subfield>
    <subfield code="d">6695</subfield>
  </datafield>
  <datafield tag="952" ind1=" " ind2=" ">
    <subfield code="0">0</subfield>
    <subfield code="1">0</subfield>
    <subfield code="4">0</subfield>
    <subfield code="7">0</subfield>
    <subfield code="a">BPK</subfield>
    <subfield code="b">BPK</subfield>
    <subfield code="o">101727</subfield>
    <subfield code="y">ART</subfield>
  </datafield>
</record>
